00507 2200205 4500001002100000005001500021035002000036245005800056100001700114250000700131300002900138700001800167260003500185082001100220084001700231020001800248600001700266990000900283990000900292INLIS00000000000003120251007085022 a0010-10250000171 aGampang Menguasai Microsoft Word 2010 /cDyah Istiana0 aDyah Istiana a1. avii + 208 hlm. ;c19 cm.0 aMardiana Wati aBandung :bYrama Widya,c2010. a005.36 a005.36 DYA g a9789790772199 4aDyah Istiana a1567 a1568